Statistics for Taylor Swift - The Archer Lyrics

Click here to take the quiz!

General Stats

  • This quiz has been taken 173 times
    (129 since last reset)
  • The average score is 246 of 263

Answer Stats

Answer% Correct
I
100%
a
99%
and
99%
And
99%
archer
99%
been
99%
But
99%
but
99%
could
99%
darling?
99%
ever
99%
I've
99%
leave
99%
me
99%
stay?
99%
stay
99%
the
99%
The
99%
They
99%
they
99%
Who
99%
who
99%
you
99%
You
99%
Cause
97%
prey
97%
right
97%
see
97%
through
97%
to
97%
All
96%
all
96%
'Cause
96%
for
96%
my
96%
of
96%
on
96%
out
96%
friends
94%
hold
94%
i'm
94%
in
94%
king's
94%
men
94%
again
93%
Couldn't
93%
enemies
93%
help
93%
Help
93%
horses
93%
started
93%
together
93%
combat
91%
Combat
91%
do?
91%
onto
91%
put
91%
ready
91%
Can
90%
if
90%
movies
90%
said
90%
that
90%
what
90%
alone
88%
cruelty
88%
don't
88%
say
88%
so
88%
want
88%
your
88%
go
87%
like
87%
come
86%
die
86%
is
86%
almost
84%
dark
84%
Dark
84%
got
84%
hundred
84%
it's
84%
night
84%
off
84%
wins
84%
Easy
83%
face
83%
getting
83%
just
83%
never
83%
old
83%
search
83%
side
83%
speeches
83%
up
83%
ghost
81%
hate
81%
heros
81%
nose
81%
reflection
81%
wake
81%
years
81%
fire
80%
here
80%
invisible
80%
pace
80%
cut
78%
jump
78%
room
78%
from
77%
grew
77%
ride
77%
Screaming
77%
smoke
75%
thrown
74%
spite
72%
train
72%
alright
68%

Score Distribution

Percentile by Number Answered

Percent of People with Each Score

Your Score History

You have not taken this quiz since the last reset